| 000 | 00712nam a22002657a 4500 | ||
|---|---|---|---|
| 999 |
_c17128 _d17128 |
||
| 003 | OSt | ||
| 005 | 20181115124045.0 | ||
| 008 | 181115b ||||| |||| 00| 0 eng d | ||
| 020 | _a9781292022185 | ||
| 020 | _a1292022183 | ||
| 040 | _aSEKU | ||
| 050 |
_aQD 453.3 _b.T7 2014 |
||
| 100 | _aTro, Nivaldo J. | ||
| 245 |
_aChemistry : _ba molecular approach / _cNivaldo J. Tro. |
||
| 250 | _a3rd ed. | ||
| 260 |
_aLondon : _bPearson Education Limited, _c2014. |
||
| 300 |
_a1234 p. : _bill. |
||
| 504 | _aIncludes index. | ||
| 650 | _aChemistry, Physical and theoretical | ||
| 650 | _aChemistry | ||
| 650 | _aBiochemistry | ||
| 650 | _aMolecular structure | ||
| 650 | _aMolecules | ||
| 942 |
_2lcc _cGEN |
||